| 000 | 00641nab a2200157 4500 | ||
|---|---|---|---|
| 003 | ES-SlBCS | ||
| 005 | 20220907161509.0 | ||
| 008 | 160401s2015 po ||||| |||| 00| 0 ita d | ||
| 040 |
_aES-SlBCS _bspa |
||
| 100 | 1 |
_aFusaro, Diego _9408542 |
|
| 245 | 1 | 4 |
_aIl "Sistema della Libertà" _b: La Filosofia Pratica di Fichte e la Lettura di Husserl _cDiego Fusaro |
| 600 | 1 | 4 |
_aFichte, Johann Gottlieb _d, 1762-1814 _xCrítica e interpretación _9121250 |
| 600 | 0 |
_aHusserl, Edmund _d, 1859-1938 _xCrítica e interpretación _9120926 |
|
| 773 | 0 |
_gVol. 71, Nº 1, 2015, págs. 26-37 _tRevista Portuguesa de Filosofia _wRev379 _x0870-5283 |
|
| 942 |
_2lcc _cAR |
||
| 999 |
_c856614 _d856614 |
||